Ruotsin suurimmat taajamat - Statistics

Yleistilastot
  • Tätä visaa on pelattu 31 kertaa
  • Keskiarvotulos 19 / 30
Vastaustilastot
Asukasluku Taajama % Oikein
280 415 Malmö
100%
1 372 565 Tukholma
100%
549 839 Göteborg
96%
140 454 Uppsala
96%
87 247 Norrköping
92%
79 594 Uumaja
88%
89 396 Jönköping
83%
104 232 Linköping
83%
71 033 Gävle
79%
46 607 Luulaja
79%
97 122 Helsingborg
75%
107 038 Örebro
75%
50 712 Sundsvall
75%
110 877 Västerås
75%
61 685 Karlstad
71%
64 679 Eskilstuna
63%
82 800 Lund
63%
64 619 Södertälje
63%
44 327 Östersund
58%
37 291 Falun
54%
60 887 Växjö
50%
66 273 Borås
46%
36 392 Kalmar
46%
58 577 Halmstad
42%
46 457 Trollhättan
38%
41 734 Borlänge
29%
35 711 Kristianstad
25%
37 852 Tumba
21%
37 594 Upplands Väsby
21%
61 272 Täby
13%
Ehtoja vastaavia visoja ei löytynyt
Tulosjakauma
Jokaisen tuloksen saaneiden osuus
Persentiili vastausten määrän mukaan
Tuloshistoriasi
Et ole pelannut tätä visaa